Nový rozmer dôchodkovej reformy Slovenskej republiky v európskom kontexte

Východiská a typy dôchodkových systémov. Žiaduce reformné kroky. Prepojenie sociálnej ochrany a inštitucionálnych zmien. Prístupy k dôchodkovým reformám vyspelých krajín. Princípy fungovania reformovaného dôchodkového systému v SR. Problémové otázky dôchodkovej reformy.

Enregistré dans:
Détails bibliographiques
Auteur principal: Rievajová, Eva
Autres auteurs: Alexy, Július, 1926-2024
Format: Chapitre de livre
Langue:slovaque
Sujets:
Tags: Ajouter un tag
Pas de tags, Soyez le premier à ajouter un tag!

MARC

LEADER 00000naa$a2200000$$$4500
001 0051059
005 20240502083135.3
041 0 |a slo 
044 |a CZ 
245 1 0 |a Nový rozmer dôchodkovej reformy Slovenskej republiky v európskom kontexte  |c Eva Rievajová, Július Alexy 
520 |a Východiská a typy dôchodkových systémov. Žiaduce reformné kroky. Prepojenie sociálnej ochrany a inštitucionálnych zmien. Prístupy k dôchodkovým reformám vyspelých krajín. Princípy fungovania reformovaného dôchodkového systému v SR. Problémové otázky dôchodkovej reformy. 
610 2 0 |a reformy dôchodkové 
610 2 0 |a systémy dôchodkové 
610 2 0 |a Slovensko 
610 2 0 |a Európska únia 
610 2 0 |a politika sociálna 
610 2 0 |a starostlivosť sociálna 
610 2 0 |a zabezpečenie sociálne 
100 1 |a Rievajová, Eva 
700 1 |a Alexy, Július, 1926-2024